FC Barcelona's Ideal Starting 11 - Statistics

General Stats
  • This quiz has been taken 1,302 times
    1,282 since last reset
  • The average score is 8 of 11
Answer Stats
Position Player % Correct
RW Messi
98%
ST Suarez
90%
CB Pique
89%
GK ter Stegen
87%
CAM Iniesta
85%
LB Alba
78%
CM Busquets
74%
CM Rakitic
55%
CB Mascherano
44%
LW Dembele
42%
RB Semedo
36%
No matching quizzes found
Score Distribution
Percent of People with Each Score
Percentile by Number Answered
Your Score History
You have not taken this quiz since the last reset